| 000 | 00491nam a22000977a 4500 | ||
|---|---|---|---|
| 008 | 160418b xxu||||| |||| 00| 0 eng d | ||
| 100 | _aEichenthal, V. | ||
| 245 | _aEesti : illustrated specialized catalogue of Estonia | ||
| 260 |
_aToronto _bThe Philatelic Specialists Society of Canada _c1962 |
||
| 650 | _aRussia | Estonia | Germany | Occupation of Estonia | Catalogs and Price Lists | Postal History | Postal Markings | Postal Rates | Forgeries and Counterfeits | Errors and Varieties | Production | ||
| 999 |
_c1904 _d1904 |
||